000 00814nam a22001577a 4500
003 OSt
005 20150919162115.0
008 150919b xxu||||| |||| 00| 0 eng d
040 _cRUA
082 _aAGR HEN 2008 B036 Or.1
100 _9889
_aHENG, SOCHEAT.
245 _aEffect of hill spacing and seedling number on growth and yield of rainng chey rice variety at royal university of agriculture ឥទ្ធិពលនៃចន្លោះគុម្ព និង​ចំនួនសំណាបស្ទូងលើការលូតលាស់ និង ទិន្នផលនៃពូជស្រូវរាំងជ័យនៅសាកលវិទ្យាល័យភូមិន្ទកសិកម្ម
260 _aPhnom Penh
_bRUA
_c2008
300 _axii; 49p.
_bill.
_c29cm.
942 _2ddc
_cAGR
999 _c857
_d857